000 00869nam a22002057a 4500
999 _c164082
_d164082
005 20190509154339.0
010 _aB-728275
020 _a9789387286344
_c600.00
035 _aB-728275
037 _bAksharesh Enterprises
082 _a340
100 _aJain,Ashok K.
245 _aLaw guide for judicial service examinations Vol. II /
_cby Ashok K. Jain
260 _aDelhi
_bAscent Publications
_c2019 (repr.)
270 _a21/29, Shakti Nagar
_bDelhi
_e110007
300 _aVP.
_c24cm(Pbk)
500 _aConstitutional Law, Constitution of India, Public International Law, Human Rights, Jurisprudence, Transfer of Property Act
942 _2ddc
_cEN
_h340
_mJAI